000 00272nam a2200109Ia 4500
001 1272417
005 20260417151428.0
008 260417s9999 xx 000 0 und d
020 _a9786255929822
245 0 _aSquid Game Diyarı
_cMin Byoung-chul
260 _bKetebe Genç
999 _c1272417
_d1272417